[Event "Stay Safe Play From Home 137"]
[Site "T#645928Emanuel Laske"]
[Date "2020.05.10"]
[Round "1"]
[White "Tropic Thunder"]
[Black "Sfantul321"]
[Result "1-0"]
[WhiteElo "2186"]
[BlackElo "1902"]
[Annotator "RC"]
[PlyCount "133"]
[EventDate "2020.05.10"]
[EventType "swiss (blitz)"]

1. g3 {[%emt 0:00:03]} d5 {[%emt 0:00:00]} 2. Bg2 {[%emt 0:00:00]} c6 {[%emt 0:00:00]} 3. e3 {[%emt 0:00:00]} e5 {[%emt 0:00:00]} 4. Ne2 {[%emt 0:00:00]} Bd6 {[%emt 0:00:01]} 5. O-O {[%emt 0:00:00]} f5 {[%emt 0:00:01]} 6. d4 {[%emt 0:00:00]} Nf6 {[%emt 0:00:01]} 7. c4 {[%emt 0:00:00]} e4 {[%emt 0:00:01]} 8. cxd5 {[%emt 0:00:00]} cxd5 {[%emt 0:00:00]} 9. Nbc3 {[%emt 0:00:00]} Be6 {[%emt 0:00:00]} 10. f4 {[%emt 0:00:00]} exf3 {[%emt 0:00:02]} 11. Bxf3 {[%emt 0:00:01]} O-O {[%emt 0:00:00]} 12. Nf4 {[%emt 0:00:00]} Bxf4 {[%emt 0:00:01]} 13. exf4 {[%emt 0:00:00]} Nc6 {[%emt 0:00:00]} 14. Re1 {[%emt 0:00:02]} Re8 {[%emt 0:00:01]} 15. Be3 {[%emt 0:00:02]} Qb6 {[%emt 0:00:01]} 16. Na4 {[%emt 0:00:02]} Qb4 {[%emt 0:00:02]} 17. Nc5 {[%emt 0:00:00]} Bf7 {[%emt 0:00:02]} 18. a3 {[%emt 0:00:01]} Qb6 {[%emt 0:00:02]} 19. b4 {[%emt 0:00:01]} Qc7 {[%emt 0:00:01]} 20. Bf2 {[%emt 0:00:02]} b6 {[%emt 0:00:01]} 21. Nd3 {[%emt 0:00:01]} Qd6 {[%emt 0:00:01]} 22. Ne5 {[%emt 0:00:01]} Ne4 {[%emt 0:00:01]} 23. Rc1 {[%emt 0:00:02]} Rac8 {[%emt 0:00:02]} 24. Bxe4 {[%emt 0:00:02]} dxe4 {[%emt 0:00:01]} 25. Nxf7 {[%emt 0:00:01]} Kxf7 {[%emt 0:00:01]} 26. d5 {[%emt 0:00:01]} Ne7 {[%emt 0:00:02]} 27. Rxc8 {[%emt 0:00:04]} Rxc8 {[%emt 0:00:01]} 28. Qa4 {[%emt 0:00:01]} Rc7 {[%emt 0:00:02]} 29. Rd1 {[%emt 0:00:02]} Nxd5 {[%emt 0:00:01]} 30. Qb3 {[%emt 0:00:02]} Rd7 {[%emt 0:00:00]} 31. Bd4 {[%emt 0:00:04]} Kg6 {[%emt 0:00:01]} 32. Be5 {[%emt 0:00:02]} Qe6 {[%emt 0:00:01]} 33. g4 {[%emt 0:00:01]} fxg4 {[%emt 0:00:02]} 34. Qc4 {[%emt 0:00:01]} Kf7 {[%emt 0:00:01]} 35. Qxe4 {[%emt 0:00:02]} g6 {[%emt 0:00:01]} 36. Rc1 {[%emt 0:00:02]} Ne7 {[%emt 0:00:01]} 37. a4 {[%emt 0:00:04]} Qd5 {[%emt 0:00:01]} 38. Qxd5+ {[%emt 0:00:01]} Nxd5 {[%emt 0:00:01]} 39. b5 {[%emt 0:00:02]} Ne3 {[%emt 0:00:01]} 40. Kf2 {[%emt 0:00:01]} Nf5 {[%emt 0:00:02]} 41. Rc6 {[%emt 0:00:00]} h5 {[%emt 0:00:02]} 42. Rf6+ {[%emt 0:00:01]} Ke7 {[%emt 0:00:00]} 43. Rxg6 {[%emt 0:00:01]} Rd2+ {[%emt 0:00:00]} 44. Ke1 {[%emt 0:00:01]} Ra2 {[%emt 0:00:01]} 45. Rg5 {[%emt 0:00:00]} Ke6 {[%emt 0:00:01]} 46. Rg6+ {[%emt 0:00:01]} Kd5 {[%emt 0:00:00]} 47. Rf6 {[%emt 0:00:00]} Ke4 {[%emt 0:00:01]} 48. Rc6 {[%emt 0:00:01]} Rxa4 {[%emt 0:00:02]} 49. Rc3 {[%emt 0:00:01]} Ra2 {[%emt 0:00:01]} 50. Rc4+ {[%emt 0:00:01]} Kd3 {[%emt 0:00:02]} 51. Rc3+ {[%emt 0:00:00]} Ke4 {[%emt 0:00:01]} 52. Rc4+ {[%emt 0:00:00]} Kd5 {[%emt 0:00:00]} 53. Rc3 {[%emt 0:00:00]} h4 {[%emt 0:00:02]} 54. Rd3+ {[%emt 0:00:00]} Ke4 {[%emt 0:00:01]} 55. Rc3 {[%emt 0:00:00]} Ne3 {[%emt 0:00:01]} 56. Rc4+ {[%emt 0:00:00]} Nxc4 {[%emt 0:00:01]} 57. Bd4 {[%emt 0:00:00]} Ne3 {[%emt 0:00:01]} 58. Bxe3 {[%emt 0:00:00]} Kxe3 {[%emt 0:00:00]} 59. f5 {[%emt 0:00:00]} Rxh2 {[%emt 0:00:00]} 60. Kd1 {[%emt 0:00:00]} Rh1+ {[%emt 0:00:00] '} 61. Kc2 {[%emt 0:00:01]} g3 {[%emt 0:00:00]} 62. f6 {[%emt 0:00:00]} g2 {[%emt 0:00:00]} 63. Kc3 {[%emt 0:00:00]} g1=Q {[%emt 0:00:00]} 64. f7 {[%emt 0:00:00]} Rh2 {[%emt 0:00:00]} 65. Kb3 {[%emt 0:00:00]} Qc1 {[%emt 0:00:00]} 66. f8=Q {[%emt 0:00:00]} Qb1+ {[%emt 0:00:00]} 67. Ka3 {[%emt 0:00:01] Time} 1-0

[Event "Stay Safe Play From Home 137"]
[Site "T#645928Emanuel Laske"]
[Date "2020.05.10"]
[Round "1"]
[White "Lazieri3"]
[Black "Emresenar"]
[Result "1-0"]
[WhiteElo "1995"]
[BlackElo "1576"]
[Annotator "TA"]
[PlyCount "77"]
[EventDate "2020.05.10"]
[EventType "swiss (blitz)"]

{[%evp 9,77,57,53,54,91,82,70,74,104,32,306,299,930,938,29998,-611,-614,-612,191,95,103,96,101,89,108,0,9,-306,-304,-288,0,0,0,-35,0,-497,-275,-319,-325,-310,-238,-228,-225,-354,-234,-535,-350,-362,-272,-270,-279,-267,-205,-209,-208,-1342,-210,-219,-197,-332,-182,-400,-251,-342,-130,-275,-274,-318,-306,-970]} 1. e4 b6 2. Nc3 Bb7 3. Nf3 g6 4. d4 Bg7 5. Be3 e6 6. Qd2 {B00: Queen's Fianchetto Defence, Nimzowitsch Defence.} Ne7 7. Bh6 {[#]} Bxh6 $146 ({Predecessor:} 7... O-O 8. h4 c5 9. h5 f6 10. hxg6 hxg6 11. Bxg7 Kxg7 12. Qh6+ Kf7 13. Qh7+ Ke8 14. dxc5 {1-0 (30) Slapak,Z (2153)-Hukel,J (2071) Slovakia 2001}) 8. Qxh6 {White is slightly better.} d5 9. Ng5 ({Better is} 9. Bb5+ $16 c6 10. Bd3) 9... dxe4 $2 {[%mdl 8192]} ({Black should play} 9... Ng8 $1 $14 10. Qg7 (10. Bb5+ c6 $11) 10... Qf6 11. Qxf6 Nxf6) 10. Qg7 $18 {[%mdl 64] Double Attack} Rf8 $2 (10... Kd7 11. Nxf7 (11. Qxf7 Qg8 $18) 11... Qf8) 11. Nxh7 {[%cal Rh7f6]} Nd7 {[#]} 12. O-O-O $4 {[%mdl 8192]} (12. Qxf8+ $1 {[%mdl 512]} Nxf8 13. Nf6#) 12... Nf5 $19 13. Nxf8 Nxf8 $4 {[%mdl 8192]} (13... Qg5+ $19 {and all is fine.} 14. Kb1 Nxg7 15. Nxd7 Kxd7) 14. Qh8 (14. Qe5 $18 {is more deadly.}) 14... Qg5+ $16 15. Kb1 O-O-O 16. Qh3 Kb8 17. f4 (17. Bc4 $16) 17... exf3 18. Bd3 $2 {[%mdl 8192]} (18. gxf3 $11 Nxd4 19. Bg2) 18... fxg2 $19 19. Rhg1 Ne3 $2 ({Weaker is} 19... Nxd4 20. Be4 $15) (19... Rxd4 $19 20. Qh8 Qe7) 20. Rde1 $11 Nf5 21. Bxf5 gxf5 {[#]} (21... Qxf5 {is more complex.} 22. Qxf5 gxf5 23. d5 exd5 24. Rxg2 d4) 22. Nb5 $2 {[%mdl 8192] Black continues to play with concentration.} (22. d5 $1 $11 {[%mdl 512]}) 22... Nd7 (22... f4 $142 23. d5 Qxd5) 23. Qg3 Qxg3 24. hxg3 a6 25. Nc3 Nf6 26. Nd1 (26. Ne2 $142) 26... Rxd4 {...Rg4 is the strong threat.} 27. c3 $2 (27. Ne3 {was the crucial defense.}) 27... Rd3 28. Ne3 Ng4 29. Nxg2 Rxg3 30. Nf4 Rxg1 31. Rxg1 $19 {[%mdl 4096] Endgame KRN-KBN} e5 32. Rd1 $2 (32. Nh3) 32... Ne3 $2 (32... exf4 33. Rf1 f3) 33. Rd8+ Ka7 34. Ne2 (34. Nd3 $142 f4 35. Nxe5) 34... a5 (34... f4 $142 {And now ...f3 would win.} 35. Kc1 f3) 35. a4 $2 (35. Re8 f6 36. Rf8) 35... b5 36. b4 c6 $2 (36... bxa4 $19 {and Black stays clearly on top. aiming for ...axb4.} 37. Re8 Be4+ 38. Ka1 f6 39. bxa5 Ka6 40. Re6+ Kxa5 41. Rxf6 Bd5) 37. bxa5 (37. Rd7 $17 {was necessary.}) 37... bxa4 38. Rd7 {intending Nc1.} Ka6 39. Rxb7 $2 {[%mdl 32768] Accuracy: White = 23%, Black = 29%. . Loss on time!?} (39. Rxf7 c5 40. Rc7) 1-0

[Event "Stay Safe Play From Home 137"]
[Site "T#645928Emanuel Laske"]
[Date "2020.05.10"]
[Round "1"]
[White "CastlingArrocco"]
[Black "Mepe_Nika"]
[Result "0-1"]
[WhiteElo "1986"]
[BlackElo "2275"]
[Annotator "TA"]
[PlyCount "44"]
[EventDate "2020.05.10"]
[EventType "swiss (blitz)"]

{[%evp 9,44,9,8,-15,-10,-13,-11,-14,-14,-141,-11,-58,-56,-285,-294,-737,-736,-735,-651,-651,-652,-650,-644,-805,-794,-883,-888,-888,-879,-1141,-1016,-1409,-1334,-3898,-3385,-2755,-2412]} 1. d4 d5 2. e3 c6 3. Nf3 Nf6 4. b3 Bg4 5. Bb2 e6 {[#]} 6. g3 $146 {D04: Colle System.} ({Predecessor:} 6. Nbd2 Be7 7. c4 O-O 8. Qc2 Nbd7 9. Bd3 Bh5 10. Ne5 Rc8 11. O-O Bg6 12. Nxg6 hxg6 {1-0 (42) Nakamura,H (2786)-Grigoriants,S (2576) chess.com INT 2017}) 6... Nbd7 7. Bg2 a5 8. a4 {The position is equal.} Bb4+ 9. Nbd2 (9. c3 $11 Bd6 10. h3) 9... O-O ({Black should play} 9... Ne4 $17 {Threatens to win with ...Bxd2+.} 10. c3 Nxc3) 10. O-O Ne4 $36 {[%mdl 2048] [#] And now ...Bxd2 would win. Black is pushing.} 11. Nxe4 $2 {Now White is beyond hope.} (11. Nb1 $15) 11... dxe4 $19 12. Ne5 $2 (12. h3 Bxf3 13. Bxf3 exf3 14. Qxf3) 12... Bxd1 {Black is clearly winning.} 13. Raxd1 Nxe5 14. dxe5 Qe7 15. Bxe4 Rfd8 16. Rc1 Ba3 17. Rb1 Bxb2 18. Rxb2 Rd2 19. Rfb1 Rad8 20. c4 Qc5 21. Kg2 Qxe5 22. Bf3 Rxb2 {Accuracy: White = 31%, Black = 63%.} 0-1

[Event "Stay Safe Play From Home 137"]
[Site "T#645928Emanuel Laske"]
[Date "2020.05.10"]
[Round "1"]
[White "Greblha"]
[Black "Edmatuag"]
[Result "1-0"]
[WhiteElo "1931"]
[BlackElo "1731"]
[Annotator "TA"]
[PlyCount "83"]
[EventDate "2020.05.10"]
[EventType "swiss (blitz)"]

{[%evp 13,83,1,7,-18,-7,-483,-468,-544,-542,-554,-555,-684,-573,-647,-537,-585,-513,-601,-600,-660,-605,-676,-668,-698,-603,-581,-581,-657,-638,-674,-673,-719,-692,-704,-711,-712,-712,-711,-704,-819,-781,-734,-707,-828,-732,-1433,-1410,-1227,-342,-330,-331,-329,-343,-406,-387,-970,-964,-934,-914,-1032,-1032,-680,-507,-512,-505,-487,-482,-460,-426,-424,-416,-420]} 1. e4 c5 2. Nc3 d6 3. g3 Nc6 4. Bg2 Nf6 5. d3 g6 6. Be3 Bg7 7. Qc1 O-O 8. Bh6 {B26: Closed Sicilian: 3 g3, lines with early Be3.} Qb6 {[#] aiming for ...Bxh6.} 9. h4 $146 {[%mdl 8192]} (9. Bxg7 $11 Kxg7 10. Nf3) ({Predecessor:} 9. Bxg7 Kxg7 10. h3 e5 11. Rb1 Be6 12. g4 Qa5 13. a3 b5 14. Qd2 Nd4 15. Nge2 {0-1 (38) Mantel,H (1503)-Nagel,E (1100) Zirndorf 2015}) 9... Bxh6 $19 {[%mdl 64] [#] Overworked Piece} 10. Qxh6 {Black is clearly winning.} Qxb2 {[%mdl 64] Double Attack} 11. Rd1 Qxc3+ 12. Kf1 Nh5 13. Ne2 Qg7 14. Qd2 Nf6 15. h5 Nxh5 16. Bf3 Nf6 17. Nf4 Nd4 18. Bg2 h5 19. c3 Ne6 20. Ke2 Nxf4+ 21. Qxf4 {[#]} d5 $1 22. e5 (22. exd5 Bg4+) 22... Ng4 23. d4 cxd4 24. cxd4 Be6 25. f3 Nh6 26. Bh3 Bxh3 27. Rxh3 f5 28. Rdh1 Nf7 29. g4 fxg4 30. fxg4 Nxe5 $2 (30... Nh6 31. Qd2 Nxg4) 31. Qxe5 Qxe5+ 32. dxe5 hxg4 {[%mdl 4096] Endgame KRR-KRR} 33. Rh8+ Kf7 34. R1h7+ $2 (34. R8h4) 34... Ke6 35. Rxf8 Rxf8 {KR-KR} 36. Rg7 Kf5 37. Rxe7 Rb8 38. e6 Kf6 39. Rf7+ Kxe6 40. Rf4 Ke5 41. Rxg4 Kf5 42. Rg2 {[%mdl 32768] White did not feel at home in the position after the opening. Loss on time!?} 1-0

[Event "Stay Safe Play From Home 137"]
[Site "T#645928Emanuel Laske"]
[Date "2020.05.10"]
[Round "1"]
[White "SecantFX"]
[Black "Weltszmerc"]
[Result "0-1"]
[WhiteElo "1845"]
[BlackElo "1989"]
[Annotator "TA"]
[PlyCount "118"]
[EventDate "2020.05.10"]
[EventType "swiss (blitz)"]

{[%evp 9,117,-34,-30,-48,-37,-60,-10,-10,-11,-17,-16,-31,138,-158,-145,-308,-302,-334,-325,-324,-320,-381,-335,-335,-340,-380,-371,-370,-368,-396,-377,-486,-468,-533,-519,-554,-539,-556,-547,-602,-596,-5535,-5530,-29994,-29991,-29991,-29992,-29986,-29987,-29987,-29988,-29980,-779,-1056,-1056,-1093,-1078,-1220,-1156,-5942,-5935,-5576,-5659,-29990,-29991,-29999,-985,-888,-854,-29978,-3973,-29982,-29984,-29986,-29987,-29987,-29988,-29988,-29989,-29988,-29989,-29989,-29990,-29991,-29991,-29994,-29993,-29994,-29995,-29995,-29996,-29997,-29997,-29998,-29997,-29998,-29998,-29998,-29997,-29997,-29997,-29997,-29997,-29997,-29997,-29997,-29998,-29998,-29999,-29999]} 1. g3 Nf6 2. Bg2 d5 3. f4 c6 4. c3 {[#]} Bg4 $146 ({Predecessor:} 4... Bf5 5. d4 e6 6. Nf3 Nbd7 7. O-O Be7 8. e3 O-O 9. b3 Ne4 10. Nfd2 Ndf6 11. Nxe4 Bxe4 {0-1 (48) Petrella,M (1745)-Terrie,H (2200) Waterbury 1995}) 5. d4 e6 6. h3 {A03: Bird's Opening with 1...d5.} Bf5 7. Nf3 Be4 8. O-O {The position is equal.} Nbd7 9. Nbd2 Be7 10. Nxe4 dxe4 $2 {[#]} (10... Nxe4 $15 {stays ahead.} 11. Kh2 Nd6) 11. Kh2 $2 {[%mdl 8192]} (11. Ng5 $16 {keeps the pressure on.}) 11... exf3 $17 12. exf3 $2 {White does not recover from this.} (12. Bxf3 $17 {is a better defense.} O-O 13. e4) 12... O-O $19 13. b3 c5 14. dxc5 Nxc5 15. Bb2 Qxd1 16. Raxd1 Rfd8 17. Ba3 b6 18. c4 Kf8 19. Bxc5 Bxc5 20. Rxd8+ Rxd8 21. a4 Ke7 22. Rb1 a5 23. g4 Rd2 24. Kg3 Bd6 25. g5 Nh5+ 26. Kh4 Nxf4 27. Bf1 Ng6+ 28. Kg4 Rd4+ 29. f4 Rxf4+ 30. Kg3 Rxc4+ (30... Rxf1+ $142 31. Kg2 Rxb1 32. b4 axb4 33. h4 Bc5 34. h5 Rg1+ 35. Kf3 Ne5+ {[%mdl 64] Double Attack} 36. Ke2 b3 37. h6 b2 38. Kd2 b1=Q 39. Kc3 Rc1+ 40. Kd2 Rc2#) 31. Kg2 Rc2+ 32. Kf3 Ne5+ 33. Ke4 Rf2 34. Bc4 f5+ 35. gxf6+ gxf6 {[#] ( -> ...f5+)} 36. Re1 f5+ 37. Ke3 Rf3+ (37... Bc5# $142) 38. Ke2 Rxh3 39. Kd2 Rh2+ (39... Nxc4+ $142 40. Kd1 Rxb3 41. Kc1 Rb2 42. Kd1 Bf4 43. Rg1 Rb1+ 44. Ke2 Rxg1 45. Kf3 Rc1 46. Kxf4 Rc3 47. Kg5 Rf3 48. Kh6 Kf6 49. Kxh7 Rh3+ 50. Kg8 Rh2 51. Kf8 Rh8#) 40. Re2 Nxc4+ {Black mates.} 41. bxc4 Rxe2+ 42. Kxe2 {[%mdl 4096] Endgame KB-KPP} Bc5 43. Kd3 Kd6 44. Ke2 e5 45. Kf3 e4+ 46. Kf4 Ke6 47. Kg5 Ke5 48. Kh4 e3 49. Kg3 e2 50. Kf3 e1=Q {[%csl Gc5][%cal Re1f2]} 51. Kg2 Qc3 52. Kf1 Qxc4+ 53. Kg2 Qxa4 54. Kh3 Qd4 55. Kg3 Qe3+ 56. Kh2 Qf4+ 57. Kh1 Qg4 {[%cal Rg4h3]} 58. Kh2 f4 59. Kh1 Qg1# {Accuracy: White = 39%, Black = 79%.} 0-1

[Event "Stay Safe Play From Home 137"]
[Site "T#645928Emanuel Laske"]
[Date "2020.05.10"]
[Round "1"]
[White "Zacko1"]
[Black "Mamutones"]
[Result "1-0"]
[WhiteElo "1811"]
[BlackElo "1867"]
[Annotator "NA RC"]
[PlyCount "83"]
[EventDate "2020.05.10"]
[EventType "swiss (blitz)"]

1. c4 {[%emt 0:00:01]} e5 {[%emt 0:00:02]} 2. Nc3 {[%emt 0:00:01]} Bc5 {[%emt 0:00:00]} 3. Nf3 {[%emt 0:00:01]} d6 {[%emt 0:00:02]} 4. e3 {[%emt 0:00:01]} Bb6 {[%emt 0:00:01]} 5. d4 {[%emt 0:00:00]} exd4 {[%emt 0:00:01]} 6. Nxd4 {[%emt 0:00:00]} Nf6 {[%emt 0:00:01]} 7. Be2 {[%emt 0:00:01]} Nc6 {[%emt 0:00:01]} 8. O-O {[%emt 0:00:01]} O-O {[%emt 0:00:01]} 9. b3 {[%emt 0:00:01]} Re8 {[%emt 0:00:02]} 10. Bb2 {[%emt 0:00:01]} Ne5 {[%emt 0:00:01]} 11. h3 {[%emt 0:00:02]} c6 {[%emt 0:00:01]} 12. Nc2 {[%emt 0:00:02]} Ng6 {[%emt 0:00:02]} 13. Qd2 {[%emt 0:00:01]} Bc7 {[%emt 0:00:01]} 14. Rad1 {[%emt 0:00:02]} Bf5 {[%emt 0:00:01]} 15. Ba3 {[%emt 0:00:03]} d5 {[%emt 0:00:04]} 16. Nd4 {[%emt 0:00:01]} Be6 {[%emt 0:00:04]} 17. cxd5 {[%emt 0:00:02]} Nxd5 {[%emt 0:00:02]} 18. Nxe6 {[%emt 0:00:01]} fxe6 {[%emt 0:00:01]} 19. e4 {[%emt 0:00:04]} Nxc3 {[%emt 0:00:03]} 20. Qxc3 {[%emt 0:00:01]} Qg5 {[%emt 0:00:01]} 21. g3 {[%emt 0:00:06]} Nf4 {[%emt 0:00:03]} 22. Bg4 {[%emt 0:00:10]} h5 {[%emt 0:00:03]} 23. gxf4 {[%emt 0:00:01]} Qxf4 {[%emt 0:00:01]} 24. Qg3 {[%emt 0:00:02]} hxg4 {[%emt 0:00:02]} 25. Qxf4 {[%emt 0:00:01]} Bxf4 {[%emt 0:00:00]} 26. hxg4 {[%emt 0:00:00]} e5 {[%emt 0:00:01]} 27. f3 {[%emt 0:00:01]} Rad8 {[%emt 0:00:03]} 28. Kf2 {[%emt 0:00:02]} Kf7 {[%emt 0:00:01]} 29. Ke2 {[%emt 0:00:01]} Ke6 {[%emt 0:00:01]} 30. Bc5 {[%emt 0:00:01]} b6 {[%emt 0:00:01]} 31. Be3 {[%emt 0:00:01]} g5 {[%emt 0:00:03]} 32. Bxf4 {[%emt 0:00:01]} gxf4 {[%emt 0:00:01]} 33. Rxd8 {[%emt 0:00:02]} Rxd8 {[%emt 0:00:01]} 34. Rh1 {[%emt 0:00:00]} Kd6 {[%emt 0:00:02]} 35. Rh6+ {[%emt 0:00:00]} Kc5 {[%emt 0:00:01]} 36. Re6 {[%emt 0:00:00]} a5 {[%emt 0:00:01]} 37. Re7 {[%emt 0:00:00]} Kb4 {[%emt 0:00:00]} 38. Rxe5 {[%emt 0:00:01]} Rd4 {[%emt 0:00:01]} 39. Re6 {[%emt 0:00:01]} c5 {[%emt 0:00:01]} 40. Rxb6+ {[%emt 0:00:01]} Kc3 {[%emt 0:00:00]} 41. Ra6 {[%emt 0:00:00]} Rd2+ {[%emt 0:00:00]} 42. Ke1 {[%emt 0:00:00] Tempo (Lag: Av=0.73s, max=1.4s)} 1-0

[Event "Stay Safe Play From Home 137"]
[Site "T#645928Emanuel Laske"]
[Date "2020.05.10"]
[Round "1"]
[White "Chase the sun"]
[Black "Nagaram"]
[Result "0-1"]
[WhiteElo "1794"]
[BlackElo "1500"]
[Annotator "NA RC"]
[PlyCount "56"]
[EventDate "2020.05.10"]
[EventType "swiss (blitz)"]

1. e4 {[%emt 0:00:01]} e5 {[%emt 0:00:01]} 2. Nc3 {[%emt 0:00:01]} Nf6 {[%emt 0:00:02]} 3. Bc4 {[%emt 0:00:01]} Nxe4 {[%emt 0:00:01]} 4. Qh5 {[%emt 0:00:02]} g6 {[%emt 0:00:03]} 5. Qf3 {[%emt 0:00:03]} d5 {[%emt 0:00:04]} 6. Nxe4 {[%emt 0:00:03]} dxc4 {[%emt 0:00:03]} 7. Nf6+ {[%emt 0:00:01]} Ke7 {[%emt 0:00:03]} 8. Ne2 {[%emt 0:00:00]} Bg7 {[%emt 0:00:02]} 9. Ne4 {[%emt 0:00:01]} Ke8 {[%emt 0:00:01]} 10. O-O {[%emt 0:00:02]} f5 {[%emt 0:00:01]} 11. N4c3 {[%emt 0:00:03]} Nc6 {[%emt 0:00:01]} 12. d3 {[%emt 0:00:01]} Kf7 {[%emt 0:00:02]} 13. Be3 {[%emt 0:00:03]} Rf8 {[%emt 0:00:01]} 14. Bc5 {[%emt 0:00:01]} Re8 {[%emt 0:00:01]} 15. Rfe1 {[%emt 0:00:01]} Kg8 {[%emt 0:00:01]} 16. dxc4 {[%emt 0:00:03]} b6 {[%emt 0:00:02]} 17. Ba3 {[%emt 0:00:02]} Be6 {[%emt 0:00:02]} 18. b3 {[%emt 0:00:01]} a5 {[%emt 0:00:01]} 19. Bb2 {[%emt 0:00:01]} Bd7 {[%emt 0:00:04]} 20. Nd5 {[%emt 0:00:01]} Nb4 {[%emt 0:00:01]} 21. Nxb4 {[%emt 0:00:03]} axb4 {[%emt 0:00:02]} 22. Ng3 {[%emt 0:00:00]} b5 {[%emt 0:00:01]} 23. cxb5 {[%emt 0:00:03]} Bxb5 {[%emt 0:00:00]} 24. Rad1 {[%emt 0:00:02]} e4 {[%emt 0:00:01]} 25. Rxd8 {[%emt 0:00:02]} exf3 {[%emt 0:00:01]} 26. Rdxe8+ {[%emt 0:00:01]} Rxe8 {[%emt 0:00:02]} 27. Bxg7 {[%emt 0:00:02]} Rxe1+ {[%emt 0:00:03]} 28. Nf1 {[%emt 0:00:01]} Rxf1# {[%emt 0:00:01] (Lag: Av=0.56s, max=1.2s)} 0-1

[Event "Stay Safe Play From Home 137"]
[Site "T#645928Emanuel Laske"]
[Date "2020.05.10"]
[Round "1"]
[White "Trotsky"]
[Black "Fischer_11"]
[Result "1-0"]
[WhiteElo "1634"]
[BlackElo "1995"]
[Annotator "TA"]
[PlyCount "39"]
[EventDate "2020.05.10"]
[EventType "swiss (blitz)"]

{[%evp 9,38,-27,11,11,11,-9,8,-77,-26,-30,-27,-18,-14,-108,-125,-160,-155,-162,-158,-182,254,-466,-460,-714,1208,1206,5825,5825,29998,29999,29999]} 1. d4 e5 2. e3 exd4 3. exd4 g6 4. c4 Bg7 {[#]} 5. Be3 $146 ({Predecessor:} 5. Nc3 Ne7 6. Bg5 h6 7. Bh4 d6 8. Qd2 g5 9. Bg3 Nf5 10. Nge2 Nc6 11. d5 {0-1 (37) Zeller,F (2457)-Prusikin,M (2507) Switzerland 2006}) 5... Nf6 6. Nc3 {A40: Unusual replies to 1 d4.} O-O 7. Bd3 d5 8. Qc2 (8. Nf3 $11) 8... c6 ({Black should play} 8... Nc6 $17 {Strongly threatening ...dxc4.} 9. Nf3 Bg4) 9. Nf3 $11 Na6 10. a3 Ng4 11. h4 (11. O-O $11 {keeps the balance.}) 11... Re8 $17 12. O-O-O Nxe3 13. fxe3 Rxe3 14. Ng5 h6 $4 {[%mdl 8192] [#]} (14... Bxd4 $19 {and life is good for Black. White must now prevent ...Nc5.} 15. cxd5 Nc5) 15. Rdf1 $4 {[%mdl 8192]} (15. Nxf7 $1 $18 {[%mdl 512] is the narrow road to win.} Qf6 (15... Kxf7 16. Qf2+) 16. Bxg6) 15... hxg5 $19 {[#]} 16. Bxg6 (16. Rxf7 $142 $1 {[%mdl 512]} Kxf7 17. Qf2+ Bf6 18. Qxe3 dxc4 19. Bxc4+ Kg7 20. Ne4 Qxd4 21. Qxd4 Bxd4 22. Nxg5) 16... gxh4 $4 {[%mdl 8192]} (16... fxg6 $19 17. Qxg6 Qe8 18. Qxg5 Kh7) 17. Bxf7+ $18 {[%mdl 64] Double Attack} Kh8 18. Qg6 {Threatening mate with Qh5+.} Rg3 19. Qh5+ {[%mdl 64] Double Attack} Bh6+ 20. Qxh6# {Accuracy: White = 41%, Black = 35%.} 1-0